| 000 | 00447nam a2200145 a 4500 | ||
|---|---|---|---|
| 005 | 20140414131931.0 | ||
| 008 | 101207s19uu xx 00 eng d | ||
| 050 |
_aREF 423 _bC43 1999 |
||
| 245 | _aChildren's illustrated dictionary. | ||
| 260 |
_bParragon, _c1999. |
||
| 520 | _aProvides more than 8,000 entries, 20,000 definitions, and 1,000 images. | ||
| 650 |
_aEnglish language _xDictionaries, Juvenile. |
||
| 999 |
_c112235 _d112235 |
||